000 00554nam a22002297a 4500
003 UA-OsUOA
001 28571
007 ta
008 20050411b un ||||| |||| 00| 0 ukr d
090 _a378
_bН34
942 _cBK
040 _aUA-OsUOA
_bukr
_cUA-OsUOA
_dUA-OsUOA
245 _aОсвіта і наука: творчий потенціал державо- і культуротворення
300 _a672 с.
955 _a0
041 _aukr
080 _a378
260 _c2004
044 _aUA
650 7 _2UDC
999 _c314940
_d314940